| 000 | 01087pam a2200313 a 4500 | ||
|---|---|---|---|
| 999 |
_c4979 _d4979 |
||
| 001 | 4377133 | ||
| 003 | GZU | ||
| 005 | 20210325122739.0 | ||
| 008 | 910401s1993 mau b 001 0 eng c | ||
| 010 | _a 91003533 | ||
| 020 | _a0205145833 | ||
| 040 |
_aDNLM/DLC _cDLC _dDLC |
||
| 050 | 0 | 0 |
_aRC489.B4 _bHAN 1993 |
| 245 | 0 | 0 |
_aHandbook of behavior therapy with children and adults : _ba developmental and longitudinal perspective / _ceditors, Robert T. Ammerman, Michel Hersen. |
| 260 |
_aBoston : _bAllyn and Bacon, _cc1993. |
||
| 300 |
_axii, 459 p. ; _c27 cm. |
||
| 440 | 0 |
_aGeneral psychology series ; _vvol. 171 |
|
| 504 | _aIncludes bibliographical references and indexes. | ||
| 650 | 0 | _aBehavior therapy. | |
| 650 | 0 | _aBehavior therapy for children. | |
| 650 | 2 | _aBehavior Therapy. | |
| 650 | 2 | _aLongitudinal Studies. | |
| 650 | 2 |
_aMental Disorders _xtherapy. |
|
| 700 | 1 |
_aAmmerman, Robert T. _eeditor |
|
| 700 | 1 |
_aHersen, Michel. _eeditor |
|
| 906 |
_a7 _bcbc _corignew _d1 _eocip _f19 _gy-gencatlg |
||
| 942 |
_2lcc _cBK _h489.B4 _iHAN _kRC |
||